00542nam a2200193Ia 4500001001000000003000500010008004100015010001100056040000900067082001300076100002400089245007700113260002800190300001100218503002800229650003200257650004100289700001800330Para_9333CHAP220125s2000 xx 000 0 und d a207938 cCHAP a634.3 D8 aDuran Vila, Núria aEnfermedades de los cítricos /c por Núria Duran-Vila y Pedro Moreno aMadrid :b Mundi Prensa a165 p. aC/e (ej.1) \ C/e (ej.2) aCítricos x enfermedades  aCítricos x enfermedades por virus aMoreno, Pedro